| Tag |
First Indicator |
Second Indicator |
Subfields |
| LEADER |
00000cam a2200000 a 4500 |
| 001 |
in00000031958 |
| 005 |
20151007055004.0 |
| 008 |
871001s1988 dcua b 00100 eng |
| 010 |
|
|
|a 87022975
|
| 020 |
|
|
|a 0841211736
|
| 020 |
|
|
|a 0841214379 (pbk.)
|
| 035 |
|
|
|a (OCoLC)16872784
|
| 035 |
|
|
|9 AAB6863AM
|
| 040 |
|
|
|a DLC
|c DLC
|d OCL
|d TXA
|d UtOrBLW
|
| 043 |
|
|
|a n-us---
|
| 049 |
|
|
|a TXAM
|c [A10936967]
|
| 050 |
0 |
0 |
|a TD193
|b .P75 1988
|
| 082 |
0 |
|
|a 628.5/028/7
|2 19
|
| 245 |
0 |
0 |
|a Principles of environmental sampling /
|c Lawrence H. Keith, editor.
|
| 264 |
|
1 |
|a [Washington, D.C.] :
|b American Chemical Society,
|c 1988.
|
| 300 |
|
|
|a xxiv, 458 pages :
|b illustrations ;
|c 24 cm.
|
| 336 |
|
|
|a text
|b txt
|2 rdacontent
|
| 337 |
|
|
|a unmediated
|b n
|2 rdamedia
|
| 338 |
|
|
|a volume
|b nc
|2 rdacarrier
|
| 490 |
1 |
|
|a ACS professional reference book
|
| 504 |
|
|
|a Includes bibliographies and indexes.
|
| 650 |
|
0 |
|a Pollution
|x Measurement.
|
| 650 |
|
0 |
|a Environmental chemistry.
|
| 650 |
|
0 |
|a Environmental monitoring.
|
| 650 |
|
0 |
|a Quality assurance.
|
| 700 |
1 |
|
|a Keith, Lawrence H.,
|d 1938-
|
| 710 |
2 |
|
|a American Chemical Society.
|
| 830 |
|
0 |
|a ACS professional reference book.
|
| 999 |
|
|
|a MARS
|
| 999 |
f |
f |
|s 5c61f70d-d406-3529-9dee-aaf581259c9b
|i 0877fbbe-42d3-3e52-a185-0e0d2f25b4c9
|t 0
|
| 952 |
f |
f |
|p ric
|a Texas A&M University
|b Rellis Campus
|c Joint Library Facility
|d Remote Storage
|t 0
|e TD193 .P75 1988
|h Library of Congress classification
|i unmediated -- volume
|m A14810936967
|
| 998 |
f |
f |
|a TD193 .P75 1988
|t 0
|l Remote Storage
|